Statistics for Countries of Africa by First 3 Letters

Click here to take the quiz!

General Stats

  • This quiz has been taken 1,601 times
  • The average score is 44 of 54

Answer Stats

No. Answer % Correct
46South Sudan
97%
45South Africa
97%
1Algeria
95%
15Egypt
93%
27Libya
92%
26Liberia
92%
30Mali
90%
29Malawi
90%
47Sudan
89%
54Zimbabwe
89%
2Angola
88%
53Zambia
87%
6Burundi
87%
36Niger
87%
37Nigeria
87%
5Burkina Faso
87%
33Morocco
85%
32Mauritius
85%
24Kenya
85%
31Mauritania
85%
18Ethiopia
85%
10Chad
84%
51Tunisia
84%
17Eritrea
83%
4Botswana
82%
49Tanzania
82%
35Namibia
82%
21Ghana
82%
3Benin
81%
44Somalia
81%
39Rwanda
81%
28Madagascar
81%
25Lesotho
80%
23Guinea-Bissau
80%
22Guinea
80%
52Uganda
79%
14Djibouti
79%
7Cameroon
78%
20Gambia
77%
41Senegal
77%
50Togo
77%
48Swaziland
77%
9Central African Republic
76%
34Mozambique
76%
13Democratic Republic of the Congo
75%
11Comoros
75%
19Gabon
75%
42Seychelles
74%
12Cote d'Ivoire (Ivory Coast)
74%
8Cape Verde
73%
16Equatorial Guinea
72%
43Sierra Leone
70%
40Sao Tome and Principe
69%
38Republic of the Congo
65%

Score Distribution

Percentile by Number Answered

Percent of People with Each Score

Your Score History

You have not taken this quiz